| 000 | 00755nam a2200229 a 4500 | ||
|---|---|---|---|
| 001 | 000011261 | ||
| 005 | 20240412074224.0 | ||
| 008 | 091015s2002 dr 000 p spa d | ||
| 040 |
_aDO-SdBNP _bspa _cBNPHU |
||
| 082 |
_aRD861.44 _bO77i |
||
| 100 | 1 |
_aOrtiz, María _912482 |
|
| 245 | 1 | 0 |
_aImagenes sobre imagenes / _cMaría Ortiz, Sixto Ortiz; prólogo Adrian Javier. |
| 260 |
_aSanto Domingo : _bPaulino, _c2002. |
||
| 300 |
_a66 p. ; _c21 cm. |
||
| 590 | _aInventariado, 2018/LP | ||
| 600 | 1 | 4 |
_aORTIZ, MARÍA _xCRÍTICA Y INTERPRETACIÓN _926832 |
| 650 | 0 |
_aPoesía dominicana _966 |
|
| 650 | 0 |
_aLiteratura dominicana. _967 |
|
| 700 | 1 | 2 |
_aOrtiz, Sixto _926833 |
| 700 | 1 | 2 |
_aJavier, Adrian _epról. _925420 |
| 910 | _aValidado. Control de calidad MFF | ||
| 999 |
_c10979 _d10979 |
||